Online Catalogue and eLibrary

The Vedic Age (Record no. 5950)

MARC details
000 -LEADER
fixed length control field 00515nam a22002057a 4500
005 - DATE AND TIME OF LATEST TRANSACTION
control field 20250115045047.0
008 - FIXED-LENGTH DATA ELEMENTS--GENERAL INFORMATION
fixed length control field 250115b |||||||| |||| 00| 0 eng d
020 ## - INTERNATIONAL STANDARD BOOK NUMBER
ISBN 9788189487355
082 ## - DDC Classification
DDC Edition Number 22
Class No. 934.02
Item Number - Author Mark THE
100 ## - MAIN ENTRY--PERSONAL NAME
Personal name Habib, I & Thakr, Kumar V
245 ## - TITLE STATEMENT
Title The Vedic Age
Remainder of title and the Coming of Iron
250 ## - EDITION STATEMENT
Edition statement 2nd Edition
260 ## - PUBLICATION, DISTRIBUTION, ETC.
Place of publication, distribution, etc. New Delhi
Name of publisher, distributor, etc. Tulika books
Date of publication, distribution, etc. 2004
300 ## - PHYSICAL DESCRIPTION
Extent (e.g. Volumes, Pages etc.) Viii, 100 p .,
650 ## - SUBJECT ADDED ENTRY--TOPICAL TERM
Topical term or geographic name entry element Political
650 ## - SUBJECT ADDED ENTRY--TOPICAL TERM
Topical term or geographic name entry element History
650 ## - SUBJECT ADDED ENTRY--TOPICAL TERM
Topical term or geographic name entry element Economy
650 ## - SUBJECT ADDED ENTRY--TOPICAL TERM
Topical term or geographic name entry element Society
942 ## - Koha item type (Biblio)
Koha item type Books in Stacks (Lending)
Holdings
Lost status Damaged status Collection code Home library Current library Date acquired Full call number Accession Number Item type
    Lending WERC Library WERC Library 01/15/2025 934.02 THE 6658 Books in Stacks (Lending)

© WERC Library